| 000 | 00919cam a2200265 a 4500 | ||
|---|---|---|---|
| 001 | 000002798 | ||
| 005 | 20200929150245.0 | ||
| 008 | 711013s1966 nyu b 001 0 eng | ||
| 010 | _a66014168 | ||
| 040 |
_aDO-SdBNP _cDLC _dDLC |
||
| 082 |
_a809 _bG932i |
||
| 100 | 1 |
_aGuerin, Wilfred L. _98836 |
|
| 245 | 1 | 2 |
_aIntroducción a la crítica literaria / _cWilfred L. Guerin ...[et al] ; traducción de Daniela Di Segni de Sagel. |
| 260 |
_aBuenos Aires : _bMarymar, _c1966. |
||
| 300 |
_a263 p. ; _c21 cm. |
||
| 504 | _aBibliografía: p. 200-202. | ||
| 534 | _aTítulo original en inglés: A handbook of critical approaches to literature. | ||
| 650 | 4 |
_aCrítica literaria _93141 |
|
| 700 | 1 |
_aWilfred L. Guerin _98837 |
|
| 700 | 1 |
_aEarle G. Labor _98838 |
|
| 700 | 1 |
_aLee Morgan _98839 |
|
| 700 | 1 |
_aJohn R. Willingham _98840 |
|
| 700 | 1 |
_aDi Segni de Sagel, Daniela _98841 |
|
| 910 | _aCatalogación por copia / LC | ||
| 999 |
_c2632 _d2632 |
||